| 000 | 00865nam a2200277 a 4500 | ||
|---|---|---|---|
| 001 | 000019829 | ||
| 003 | DO-SdBNP | ||
| 005 | 20210928105909.0 | ||
| 007 | ta | ||
| 008 | 101215s 2006 br c r 000 0 spa d | ||
| 020 | _a8521000871 | ||
| 040 |
_aDO-SdBNP _bspa _cBNPHU |
||
| 082 | 4 |
_aBNPHU B869.1008 _bQ7p |
|
| 100 | 1 |
_aQuintana, Mario, _d1906-1994 _942323 |
|
| 245 | 1 | 0 |
_aPoesía completa / _cMario Quintana. |
| 260 |
_aRio de Janeiro : _bNova Aguilar, _c2006. |
||
| 300 |
_a1019 p. : _bretrs. ; _c19 cm. |
||
| 490 | 1 | _aBrasileira | |
| 500 | _aIncluye biografía del autor | ||
| 500 | _aIncluye bibliografía p. [981-999]. | ||
| 504 | _aIncluye referencias bibliográficas y notas al pie de las páginas. | ||
| 650 | 1 | 4 |
_aPoesía brasileña _xColecciones _937930 |
| 650 | 1 | 4 |
_aLiteratura brasileña _942324 |
| 830 | 0 |
_aBrasileira _942325 |
|
| 942 |
_2ddc _cLBS1 |
||
| 999 |
_c19342 _d19342 |
||